00301nam a22000977a 4500008004100000020001500041245006700056260003800123300001600161650002600177180706b xxu||||| |||| 00| 0 eng d a0830817832 aDictionary Of the Old Testament bWisdom, Poetry and Writings  aEnglandbInter-vasity pressc2008 axxiv, 967p. aBible, old testament